Music Quiz

Random Music Quiz

Casey lyrics by The Menzingers Quiz Stats

Quiz not verified by Sporcle

Challenge
Share
Tweet
Embed
Score 0/190 Timer 10:00
0 Plays Today
% Correct
to
100%
to
100%
to
100%
to
100%
to
100%
to
100%
to
100%
to
100%
To
100%
to
100%
used
97.6%
and
97.6%
you
97.6%
the
97.6%
the
97.6%
the
97.6%
you
97.6%
the
97.6%
the
97.6%
and
97.6%
the
97.6%
you
97.6%
and
97.6%
and
97.6%
Casey
97.6%
and
97.6%
a
97.6%
the
97.6%
you
97.6%
you
97.6%
and
97.6%
and
97.6%
Casey
97.6%
used
97.6%
we
97.6%
the
97.6%
and
97.6%
Casey
97.6%
used
97.6%
and
97.6%
Casey
97.6%
Casey
97.6%
Casey
97.6%
we
97.6%
we
97.6%
Casey
97.6%
the
97.6%
We
97.6%
we
97.6%
we
97.6%
and
97.6%
97.6%
your
95.1%
when
95.1%
your
95.1%
when
95.1%
your
95.1%
when
95.1%
on
92.7%
ride
92.7%
that
92.7%
waited
92.7%
tables
92.7%
waited
92.7%
% Correct
for
92.7%
shift
92.7%
me
92.7%
waited
92.7%
tables
92.7%
waited
92.7%
for
92.7%
shift
92.7%
Me
92.7%
get
92.7%
Me
92.7%
get
92.7%
me
92.7%
for
92.7%
that
92.7%
long
90.2%
back
90.2%
Philly
90.2%
from
90.2%
way
90.2%
hair
90.2%
way
90.2%
too
90.2%
much
90.2%
breaks
90.2%
breaks
90.2%
drunk
90.2%
high
90.2%
so
90.2%
much
90.2%
So
90.2%
sat
87.8%
thought
87.8%
about
87.8%
laugh
87.8%
drank
87.8%
before
87.8%
of
87.8%
every
87.8%
time
87.8%
before
87.8%
every
87.8%
our
87.8%
it
87.8%
it
87.8%
I
85.4%
wear
85.4%
was
85.4%
I
85.4%
inside
85.4%
I
85.4%
I
85.4%
I
85.4%
my
85.4%
I
85.4%
with
85.4%
I
85.4%
was
85.4%
with
85.4%
my
85.4%
you'd
82.9%
you'd
82.9%
dance
82.9%
sound
82.9%
% Correct
like
82.9%
broken
82.9%
record
82.9%
did
82.9%
evening
82.9%
listen
82.9%
go
82.9%
open
80.5%
mouth
80.5%
city
80.5%
dishes
80.5%
out
78%
all
78%
grew
78%
again
78%
than
78%
everything
78%
all
78%
could
78%
car
78%
could
78%
live
78%
could
78%
live
78%
could
78%
live
78%
just
78%
bored
75.6%
easier
75.6%
dealing
75.6%
spirit
75.6%
have
75.6%
hear
75.6%
fires
73.2%
want
73.2%
around
73.2%
cause
73.2%
Tell
73.2%
you're
73.2%
ready
73.2%
take
73.2%
burned
70.7%
forever
70.7%
ago
70.7%
shes
70.7%
Gin
68.3%
wander
68.3%
Im
68.3%
found
68.3%
still
68.3%
got
68.3%
no
68.3%
longer
68.3%
pulled
65.9%
parties
65.9%
boredom
65.9%
packed
65.9%
old
65.9%
place
65.9%
plug
63.4%
know
53.7%
search
51.2%

You're not logged in!

Compare scores with friends on all Sporcle quizzes.
Join for Free
OR
Log In

You Might Also Like...

Show Comments

Extras

Top Quizzes Today


Score Distribution

Your Account Isn't Verified!

In order to create a playlist on Sporcle, you need to verify the email address you used during registration. Go to your Sporcle Settings to finish the process.

Report this User

Report this user for behavior that violates our Community Guidelines.

Details: